[Event "EU YCH Team U12 boys"]
[Site "Thessaloniki"]
[Date "2022.07.14"]
[Round "3.3"]
[White "Belkovsky, Guy"]
[Black "Misios, Konstantinos"]
[Result "1/2-1/2"]
[WhiteElo "1358"]
[BlackElo "1262"]
[PlyCount "81"]
[EventDate "2022.07.12"]
[EventType "swiss"]
[EventRounds "7"]
[EventCountry "GRE"]
[SourceTitle "Youth Database"]
[Source "CBase R.Goldau"]
[SourceDate "2000.03.01"]
[SourceVersion "1"]
[SourceVersionDate "2022.07.18"]
[SourceQuality "1"]
[WhiteTeam "Israel"]
[BlackTeam "Griechenland"]
[WhiteTeamCountry "ISR"]
[BlackTeamCountry "GRE"]

1. e4 e5 2. Nf3 Nc6 3. Bb5 a6 4. Bxc6 dxc6 5. O-O Bg4 6. h3 h5 7. d3 Qf6 8.
Nbd2 g5 9. Re1 Be6 10. d4 g4 11. d5 Bc8 12. Nxe5 Qxe5 13. Nc4 Qg7 14. Be3 gxh3
15. g3 Qg4 16. dxc6 h2+ 17. Kh1 Qxd1 18. Raxd1 bxc6 19. Ne5 Bd6 20. Bd4 Rh6 21.
Nxc6 Bg4 22. Rd3 Re6 23. Kxh2 Bxg3+ 24. Rxg3 Rxc6 25. f3 O-O-O 26. Bc3 Be6 27.
f4 Nh6 28. f5 Bd7 29. Rg5 f6 30. Rxh5 Ng4+ 31. Kh3 Ne5 32. Rh6 Nf3 33. Re3 Ng5+
34. Kh2 Re8 35. Rxf6 Nxe4 36. Rxc6 Bxc6 37. Bd4 Rf8 38. Rf3 Nd6 39. Rc3 Bd7 40.
Bc5 Kd8 41. Rd3 1/2-1/2

[Event "EU YCH Team U12 boys"]
[Site "Thessaloniki"]
[Date "2022.07.14"]
[Round "3.4"]
[White "Spagkakas, Konstantinos"]
[Black "Zakin, Lior"]
[Result "1-0"]
[WhiteElo "1211"]
[BlackElo "1318"]
[PlyCount "103"]
[EventDate "2022.07.12"]
[EventType "swiss"]
[EventRounds "7"]
[EventCountry "GRE"]
[SourceTitle "Youth Database"]
[Source "CBase R.Goldau"]
[SourceDate "2000.03.01"]
[SourceVersion "1"]
[SourceVersionDate "2022.07.18"]
[SourceQuality "1"]
[WhiteTeam "Griechenland"]
[BlackTeam "Israel"]
[WhiteTeamCountry "GRE"]
[BlackTeamCountry "ISR"]

1. c4 c5 2. Nf3 Nf6 3. Nc3 Nc6 4. d4 cxd4 5. Nxd4 g6 6. g3 Bg7 7. Bg2 O-O 8.
O-O Nxd4 9. Qxd4 d6 10. Be3 Ng4 11. Qd2 Nxe3 12. Qxe3 Kh8 13. Rfd1 Bf5 14. c5
Qd7 15. Rd2 Rad8 16. Rad1 Rfe8 17. cxd6 exd6 18. Qxa7 Qe7 19. Qb6 Bf8 20. Nb5
d5 21. Rxd5 Rxd5 22. Bxd5 Qxe2 23. Qd4+ Bg7 24. Qd2 Qe7 25. Nc3 Rd8 26. Qf4 Bc2
27. Rc1 Bxc3 28. bxc3 Rxd5 29. Rxc2 Qe1+ 30. Kg2 Rd1 31. Qxf7 Qf1+ 32. Kf3 Qh1+
33. Kf4 g5+ 34. Kxg5 h6+ 35. Kxh6 Qc6+ 36. Kg5 Rd5+ 37. Kg4 Qc4+ 38. Kh3 Qf1+
39. Kh4 Qc4+ 40. Qf4 Qd3 41. Qb8+ Kh7 42. Qxb7+ Rd7 43. Qb3 Qe4+ 44. Kh3 Qf5+
45. Kg2 Rf7 46. c4 Rd7 47. Re2 Rd3 48. Qb7+ Kh6 49. Qe4 Qd7 50. Qe6+ Kg7 51.
Qxd7+ Rxd7 52. Rc2 1-0

[Event "EU YCH Team U12 boys"]
[Site "Thessaloniki"]
[Date "2022.07.14"]
[Round "3.1"]
[White "Ivanov, Andrey"]
[Black "Taragan, Uri"]
[Result "0-1"]
[WhiteElo "1515"]
[BlackElo "1843"]
[PlyCount "102"]
[EventDate "2022.07.12"]
[EventType "swiss"]
[EventRounds "7"]
[EventCountry "GRE"]
[SourceTitle "Youth Database"]
[Source "CBase R.Goldau"]
[SourceDate "2000.03.01"]
[SourceVersion "1"]
[SourceVersionDate "2022.07.18"]
[SourceQuality "1"]
[WhiteTeam "Mazedonien"]
[BlackTeam "Israel"]
[WhiteTeamCountry "MKD"]
[BlackTeamCountry "ISR"]

1. d4 Nf6 2. Nf3 d5 3. e3 c5 4. b3 cxd4 5. exd4 Nc6 6. Bd3 g6 7. Bb2 Bg7 8. a3
O-O 9. Nbd2 Nh5 10. O-O Nf4 11. Be2 Qb6 12. c3 Bf5 13. Nh4 Bd3 14. Bxd3 Nxd3
15. Qc2 Nxb2 16. Qxb2 e5 17. dxe5 Nxe5 18. Ndf3 Rac8 19. Nxe5 Bxe5 20. Rac1 Qf6
21. Nf3 Bxc3 22. Qe2 Bb2 23. Rxc8 Rxc8 24. a4 Qc3 25. Qb5 Qc6 26. Qa5 a6 27.
Qd2 Bg7 28. h3 Qc5 29. Rd1 d4 30. Qf4 Qc2 31. Rd2 Qb1+ 32. Kh2 Qxb3 33. Nxd4
Qxa4 34. Ne2 Qxf4+ 35. Nxf4 Be5 36. g3 Bxf4 37. gxf4 Rc3 38. Kg2 b5 39. Ra2 Rc6
40. Kg3 b4 41. Kg4 b3 42. Rb2 Rb6 43. f5 Kg7 44. f4 a5 45. Kg5 h6+ 46. Kg4 a4
47. fxg6 a3 48. Rd2 b2 49. gxf7 b1=Q 50. f8=Q+ Kxf8 51. Rd8+ Ke7 0-1

[Event "EU YCH Team U12 boys"]
[Site "Thessaloniki"]
[Date "2022.07.14"]
[Round "3.2"]
[White "Shefer, Uri"]
[Black "Petrovski, Nikola"]
[Result "1-0"]
[WhiteElo "1882"]
[BlackElo "1389"]
[PlyCount "75"]
[EventDate "2022.07.12"]
[EventType "swiss"]
[EventRounds "7"]
[EventCountry "GRE"]
[SourceTitle "Youth Database"]
[Source "CBase R.Goldau"]
[SourceDate "2000.03.01"]
[SourceVersion "1"]
[SourceVersionDate "2022.07.18"]
[SourceQuality "1"]
[WhiteTeam "Israel"]
[BlackTeam "Mazedonien"]
[WhiteTeamCountry "ISR"]
[BlackTeamCountry "MKD"]

1. d4 Nf6 2. c4 g6 3. Nc3 Bg7 4. e4 d6 5. Be2 O-O 6. Be3 e5 7. d5 Na6 8. g4 Nc5
9. f3 a5 10. h4 h5 11. g5 Ne8 12. Qd2 Bd7 13. O-O-O b6 14. Nh3 c6 15. dxc6 Bxc6
16. Kb1 Ra7 17. Nf2 Rd7 18. Nb5 Bxb5 19. cxb5 Nc7 20. Bxc5 bxc5 21. Qxa5 Ne6
22. Qxd8 Rfxd8 23. Bc4 Nd4 24. Rd3 Rb7 25. a4 Ra7 26. b3 Rb8 27. Kb2 Kh7 28.
Nd1 f5 29. Nc3 Ra5 30. Nd5 Ne2 31. Re1 fxe4 32. fxe4 Nf4 33. Rf3 Nxd5 34. Bxd5
Ra7 35. Ref1 Kh8 36. Rf7 Rxf7 37. Rxf7 Rb6 38. a5 1-0

[Event "EU YCH Team U12 boys"]
[Site "Thessaloniki"]
[Date "2022.07.14"]
[Round "3.3"]
[White "Spasov, Igor Aleksandar"]
[Black "Azoulay, Yehonatan"]
[Result "0-1"]
[WhiteElo "1337"]
[BlackElo "1805"]
[PlyCount "70"]
[EventDate "2022.07.12"]
[EventType "swiss"]
[EventRounds "7"]
[EventCountry "GRE"]
[SourceTitle "Youth Database"]
[Source "CBase R.Goldau"]
[SourceDate "2000.03.01"]
[SourceVersion "1"]
[SourceVersionDate "2022.07.18"]
[SourceQuality "1"]
[WhiteTeam "Mazedonien"]
[BlackTeam "Israel"]
[WhiteTeamCountry "MKD"]
[BlackTeamCountry "ISR"]

1. d4 Nf6 2. c4 c5 3. Nf3 g6 4. g3 Bg7 5. Bg2 O-O 6. O-O d6 7. Nc3 Nc6 8. d5
Nb8 9. e4 Nbd7 10. Qc2 Nb6 11. Nd2 Ng4 12. b3 f5 13. Bb2 f4 14. Rae1 g5 15. Nd1
Ne5 16. Nf3 Nxf3+ 17. Bxf3 g4 18. Bxg7 Kxg7 19. Qb2+ Kg8 20. Bh1 f3 21. e5 Bf5
22. Re3 Nd7 23. exd6 exd6 24. Nc3 Ne5 25. Ne4 Bxe4 26. Rxe4 Qg5 27. Qc1 Qh5 28.
Rf4 Rxf4 29. Qxf4 Rf8 30. Qe4 Rf6 31. Re1 Rh6 32. h4 gxh3 33. Bxf3 Qxf3 34.
Qxf3 Nxf3+ 35. Kh1 Nxe1 0-1

[Event "EU YCH Team U12 boys"]
[Site "Thessaloniki"]
[Date "2022.07.14"]
[Round "3.4"]
[White "Shilon Rahav, Eliran"]
[Black "Krstevski, Pavel"]
[Result "1-0"]
[WhiteElo "1922"]
[BlackElo "1121"]
[PlyCount "49"]
[EventDate "2022.07.12"]
[EventType "swiss"]
[EventRounds "7"]
[EventCountry "GRE"]
[SourceTitle "Youth Database"]
[Source "CBase R.Goldau"]
[SourceDate "2000.03.01"]
[SourceVersion "1"]
[SourceVersionDate "2022.07.18"]
[SourceQuality "1"]
[WhiteTeam "Israel"]
[BlackTeam "Mazedonien"]
[WhiteTeamCountry "ISR"]
[BlackTeamCountry "MKD"]

1. e4 c5 2. c3 d5 3. exd5 Qxd5 4. d4 Nf6 5. Nf3 Bg4 6. Be2 e6 7. Be3 cxd4 8.
cxd4 Bb4+ 9. Nc3 O-O 10. O-O Qa5 11. Qb3 Nc6 12. Rac1 Rad8 13. Rfd1 a6 14. a3
Bxc3 15. bxc3 Rd7 16. h3 Bh5 17. c4 Rfd8 18. d5 exd5 19. Bb6 dxc4 20. Bxa5 cxb3
21. Bxd8 Rxd8 22. Rxd8+ Nxd8 23. Rc8 Kf8 24. Rxd8+ Ke7 25. Rd2 1-0

[Event "EU YCH Team U12 boys"]
[Site "Thessaloniki"]
[Date "2022.07.14"]
[Round "3.1"]
[White "Sowinski, Pawel"]
[Black "Negrean, Andrei"]
[Result "1-0"]
[WhiteElo "2136"]
[BlackElo "1976"]
[PlyCount "69"]
[EventDate "2022.07.12"]
[EventType "swiss"]
[EventRounds "7"]
[EventCountry "GRE"]
[SourceTitle "Youth Database"]
[Source "CBase R.Goldau"]
[SourceDate "2000.03.01"]
[SourceVersion "1"]
[SourceVersionDate "2022.07.18"]
[SourceQuality "1"]
[WhiteTeam "Polen"]
[BlackTeam "Rumänien"]
[WhiteTeamCountry "POL"]
[BlackTeamCountry "ROU"]

1. e4 c5 2. Nf3 Nc6 3. d4 cxd4 4. Nxd4 Qc7 5. Nc3 e6 6. g3 a6 7. Bg2 Nf6 8. O-O
Nxd4 9. Qxd4 Bc5 10. Bf4 d6 11. Qd2 h6 12. Rad1 e5 13. Be3 Ke7 14. f4 Be6 15.
Kh1 Rhd8 16. Nd5+ Nxd5 17. exd5 Bg4 18. Rde1 Bxe3 19. Rxe3 Rac8 20. fxe5 Qxc2
21. Qb4 Qc5 22. Qf4 Bh5 23. Qh4+ Kd7 24. Qxh5 Rc7 25. Qf5+ Ke8 26. exd6+ Qxe3
27. dxc7 Qe7 28. cxd8=Q+ Kxd8 29. Rc1 Qe3 30. Rc8+ Ke7 31. d6+ Kxd6 32. Qd5+
Ke7 33. Rc7+ Kf6 34. Rxf7+ Kg6 35. Qf5# 1-0

[Event "EU YCH Team U12 boys"]
[Site "Thessaloniki"]
[Date "2022.07.14"]
[Round "3.2"]
[White "Tudor, Henry Edward"]
[Black "Cieslak, Patryk"]
[Result "1/2-1/2"]
[WhiteElo "1984"]
[BlackElo "2029"]
[PlyCount "101"]
[EventDate "2022.07.12"]
[EventType "swiss"]
[EventRounds "7"]
[EventCountry "GRE"]
[SourceTitle "Youth Database"]
[Source "CBase R.Goldau"]
[SourceDate "2000.03.01"]
[SourceVersion "1"]
[SourceVersionDate "2022.07.18"]
[SourceQuality "1"]
[WhiteTeam "Rumänien"]
[BlackTeam "Polen"]
[WhiteTeamCountry "ROU"]
[BlackTeamCountry "POL"]

1. d4 Nf6 2. c4 e6 3. Nc3 Bb4 4. Qc2 O-O 5. e4 d5 6. e5 Ne4 7. Bd3 c5 8. Nf3
cxd4 9. Nxd4 Nd7 10. Bf4 Qh4 11. g3 Qh5 12. O-O g5 13. Be3 Bxc3 14. bxc3 Nxe5
15. Bxe4 dxe4 16. Qxe4 Ng4 17. Qg2 e5 18. Nb5 Bd7 19. Rfe1 Rac8 20. Nd6 Rc6 21.
Rad1 Nxe3 22. fxe3 Bg4 23. Rd3 Qg6 24. Qd2 Rd8 25. c5 Rxc5 26. e4 Rc7 27. c4 h6
28. Rd5 Be6 29. Rd3 Kh7 30. Qc3 Rc5 31. Red1 b6 32. R3d2 h5 33. Rd3 h4 34. Qa3
Rd7 35. Qc3 h3 36. Qc2 Rdc7 37. Rc3 a6 38. a4 Qh5 39. Ne8 Rxc4 40. Nf6+ Kg6 41.
Nxh5 Rxc3 42. Qe2 Rc2 43. Rd2 Rxd2 44. Qxd2 Kxh5 45. Qd8 Rc1+ 46. Kf2 b5 47.
Qh8+ Kg4 48. axb5 axb5 49. Qxe5 Rc2+ 50. Ke3 Rxh2 51. Qf6 1/2-1/2

[Event "EU YCH Team U12 boys"]
[Site "Thessaloniki"]
[Date "2022.07.14"]
[Round "3.3"]
[White "Witczak, Borys"]
[Black "Gales, Randi-Ioan"]
[Result "0-1"]
[WhiteElo "1766"]
[BlackElo "1805"]
[PlyCount "86"]
[EventDate "2022.07.12"]
[EventType "swiss"]
[EventRounds "7"]
[EventCountry "GRE"]
[SourceTitle "Youth Database"]
[Source "CBase R.Goldau"]
[SourceDate "2000.03.01"]
[SourceVersion "1"]
[SourceVersionDate "2022.07.18"]
[SourceQuality "1"]
[WhiteTeam "Polen"]
[BlackTeam "Rumänien"]
[WhiteTeamCountry "POL"]
[BlackTeamCountry "ROU"]

1. d4 Nf6 2. c4 g6 3. Nc3 Bg7 4. e4 d6 5. h3 O-O 6. Be3 e5 7. d5 a5 8. g4 Na6
9. Nge2 Nd7 10. Ng3 Ndc5 11. h4 f5 12. gxf5 gxf5 13. Bg5 Qe8 14. Nh5 Qg6 15.
Nxg7 Qxg7 16. Qh5 Qg6 17. Be2 fxe4 18. O-O-O Nd3+ 19. Kb1 Bf5 20. Rhg1 Qxh5 21.
Bxh5 Bg6 22. Bxg6 hxg6 23. Nxe4 Nxf2 24. Nxf2 Rxf2 25. h5 Rf5 26. hxg6 Kg7 27.
Bh4 Rh8 28. Rg4 Rf4 29. Rxf4 exf4 30. Bg5 f3 31. Be3 Kxg6 32. Bd2 b6 33. Rf1
Rf8 34. Kc2 Kh5 35. Kd3 Kg4 36. Be1 Nc5+ 37. Kd2 Re8 38. Rg1+ Kf5 39. Rf1 Re2+
40. Kc3 Ke4 41. b4 axb4+ 42. Kxb4 Nd3+ 43. Kb5 Rxe1 0-1

[Event "EU YCH Team U12 boys"]
[Site "Thessaloniki"]
[Date "2022.07.14"]
[Round "3.4"]
[White "Leu, Dragos Stefan"]
[Black "Suska, Szymon"]
[Result "1/2-1/2"]
[WhiteElo "1708"]
[BlackElo "1674"]
[PlyCount "113"]
[EventDate "2022.07.12"]
[EventType "swiss"]
[EventRounds "7"]
[EventCountry "GRE"]
[SourceTitle "Youth Database"]
[Source "CBase R.Goldau"]
[SourceDate "2000.03.01"]
[SourceVersion "1"]
[SourceVersionDate "2022.07.18"]
[SourceQuality "1"]
[WhiteTeam "Rumänien"]
[BlackTeam "Polen"]
[WhiteTeamCountry "ROU"]
[BlackTeamCountry "POL"]

1. d4 Nf6 2. Bf4 b6 3. e3 Bb7 4. Nf3 c5 5. Nbd2 g6 6. c3 Bg7 7. Be2 O-O 8. Qc2
d5 9. Ne5 Nc6 10. Ndf3 Nd7 11. Nxc6 Bxc6 12. O-O Re8 13. Rfd1 Qc8 14. Rac1 Qb7
15. a4 a5 16. h3 e5 17. Nxe5 Nxe5 18. dxe5 Bxe5 19. Bxe5 Rxe5 20. Bf3 b5 21.
axb5 Qxb5 22. c4 dxc4 23. Bxc6 Qxc6 24. Qxc4 Rc8 25. Rd3 Re4 26. Qc3 c4 27.
Qxa5 Qe6 28. Rd2 Rb8 29. Qc3 Qe7 30. Rcd1 Qe8 31. Rd4 Qc6 32. Rd6 Qa4 33. Kh2
Ree8 34. Qf6 Qb5 35. Rd8 Rbxd8 36. Rxd8 Rxd8 37. Qxd8+ Kg7 38. Qd4+ Kg8 39. Kg3
Qg5+ 40. Kh2 Qb5 41. g3 Qb4 42. Kg2 Qb5 43. e4 Qa6 44. Kf3 Qa4 45. Kg4 Qb5 46.
e5 Qb4 47. f4 h5+ 48. Kf3 Qb3+ 49. Qc3 Qb7+ 50. Ke3 Qb6+ 51. Qd4 Qb3+ 52. Qc3
Qb6+ 53. Qd4 Qb3+ 54. Qc3 Qb6+ 55. Ke2 Qc6 56. Qf3 Qb6 57. Qc3 1/2-1/2

[Event "EU YCH Team U12 boys"]
[Site "Thessaloniki"]
[Date "2022.07.14"]
[Round "3.1"]
[White "Stoyko, Oleh"]
[Black "Zerey, Demhat"]
[Result "0-1"]
[WhiteElo "1557"]
[BlackElo "1497"]
[PlyCount "107"]
[EventDate "2022.07.12"]
[EventType "swiss"]
[EventRounds "7"]
[EventCountry "GRE"]
[SourceTitle "Youth Database"]
[Source "CBase R.Goldau"]
[SourceDate "2000.03.01"]
[SourceVersion "1"]
[SourceVersionDate "2022.07.18"]
[SourceQuality "1"]
[WhiteTeam "Ukraine"]
[BlackTeam "Türkei"]
[WhiteTeamCountry "UKR"]
[BlackTeamCountry "TUR"]

1. Nf3 Nf6 2. d4 g6 3. c4 Bg7 4. Nc3 d6 5. e4 O-O 6. Bg5 Nbd7 7. h3 e5 8. d5 h6
9. Be3 Nc5 10. Bd3 Nxd3+ 11. Qxd3 Ne8 12. Qd2 Kh7 13. g4 f5 14. gxf5 gxf5 15.
exf5 Bxf5 16. O-O-O Nf6 17. Rhg1 Rg8 18. Nh2 Bxh3 19. Qc2+ e4 20. Nxe4 Kh8 21.
f3 Nxe4 22. fxe4 Qf6 23. Nf1 Rae8 24. Ng3 Qf3 25. Qd2 Kh7 26. Qf2 Qxf2 27. Bxf2
Ref8 28. Be1 Be5 29. Rd3 Rg6 30. Bc3 Bf4+ 31. Bd2 Bxd2+ 32. Kxd2 Rf2+ 33. Kc1
h5 34. Rd2 Rf3 35. Ne2 Rgf6 36. Nc3 Bg4 37. Rh2 Kg6 38. Rgg2 Rf1+ 39. Kd2 R6f4
40. b4 Kg5 41. c5 h4 42. cxd6 cxd6 43. a4 R1f3 44. Kc2 a6 45. Rd2 Re3 46. b5
Rff3 47. Na2 Rxe4 48. bxa6 bxa6 49. a5 h3 50. Rd3 Rxd3 51. Kxd3 Re2 52. Rxe2
Bxe2+ 53. Kxe2 h2 54. Nc3 0-1

[Event "EU YCH Team U12 boys"]
[Site "Thessaloniki"]
[Date "2022.07.14"]
[Round "3.3"]
[White "Harasym, Danylo"]
[Black "Sevig, Mert Can"]
[Result "0-1"]
[WhiteElo "1407"]
[BlackElo "1604"]
[PlyCount "70"]
[EventDate "2022.07.12"]
[EventType "swiss"]
[EventRounds "7"]
[EventCountry "GRE"]
[SourceTitle "Youth Database"]
[Source "CBase R.Goldau"]
[SourceDate "2000.03.01"]
[SourceVersion "1"]
[SourceVersionDate "2022.07.18"]
[SourceQuality "1"]
[WhiteTeam "Ukraine"]
[BlackTeam "Türkei"]
[WhiteTeamCountry "UKR"]
[BlackTeamCountry "TUR"]

1. e4 c5 2. Nf3 e6 3. Bd3 Nf6 4. O-O d5 5. exd5 exd5 6. Re1+ Be7 7. Bf1 Nc6 8.
Bb5 O-O 9. Bxc6 bxc6 10. d3 Rb8 11. Nc3 Bg4 12. h3 Bh5 13. g4 Bg6 14. Ne5 Qc7
15. Nxc6 Qxc6 16. Rxe7 d4 17. Nb1 Nd5 18. Re1 f5 19. g5 f4 20. Qf3 Rf5 21. h4
Re8 22. Rxe8+ Qxe8 23. Kf1 Bh5 24. Qh3 Qe2+ 25. Kg1 Qd1+ 26. Qf1 Qg4+ 27. Kh2
Qxh4+ 28. Qh3 Qxf2+ 29. Qg2 Qxg2+ 30. Kxg2 Ne3+ 31. Bxe3 dxe3 32. Nc3 f3+ 33.
Kg3 f2 34. Rf1 Rxg5+ 35. Kh2 Bf3 0-1

[Event "EU YCH Team U12 boys"]
[Site "Thessaloniki"]
[Date "2022.07.14"]
[Round "3.4"]
[White "Madsman, Berk"]
[Black "Sobol, Matvii"]
[Result "1-0"]
[WhiteElo "1437"]
[BlackElo "1407"]
[PlyCount "69"]
[EventDate "2022.07.12"]
[EventType "swiss"]
[EventRounds "7"]
[EventCountry "GRE"]
[SourceTitle "Youth Database"]
[Source "CBase R.Goldau"]
[SourceDate "2000.03.01"]
[SourceVersion "1"]
[SourceVersionDate "2022.07.18"]
[SourceQuality "1"]
[WhiteTeam "Türkei"]
[BlackTeam "Ukraine"]
[WhiteTeamCountry "TUR"]
[BlackTeamCountry "UKR"]

1. e4 c5 2. Nf3 d6 3. Bb5+ Nd7 4. O-O a6 5. Bd3 e6 6. c3 Ngf6 7. Re1 b5 8. Bc2
Bb7 9. d4 c4 10. Nbd2 Be7 11. Nf1 h6 12. Ng3 Qc7 13. a4 g5 14. axb5 axb5 15.
Rxa8+ Bxa8 16. d5 e5 17. Nf5 Bb7 18. Be3 Bc8 19. Qa1 Nb8 20. Nxe7 Qxe7 21. Qa5
Ba6 22. Ra1 Nfd7 23. Nd2 Qd8 24. Nf1 Qxa5 25. Rxa5 Nf8 26. Ng3 Ng6 27. Ba7 Kd7
28. Bxb8 Rxb8 29. Rxa6 b4 30. Ba4+ Kc7 31. Rc6+ Kd8 32. Rxd6+ Kc7 33. Rd7+ Kc8
34. Nf5 Rb6 35. g3 1-0

[Event "EU YCH Team U12 boys"]
[Site "Thessaloniki"]
[Date "2022.07.15"]
[Round "4.1"]
[White "Besou, Hussain"]
[Black "Kumar, Soham"]
[Result "1/2-1/2"]
[WhiteElo "2078"]
[BlackElo "1762"]
[PlyCount "60"]
[EventDate "2022.07.12"]
[EventType "swiss"]
[EventRounds "7"]
[EventCountry "GRE"]
[SourceTitle "Youth Database"]
[Source "CBase R.Goldau"]
[SourceDate "2000.03.01"]
[SourceVersion "1"]
[SourceVersionDate "2022.07.18"]
[SourceQuality "1"]
[WhiteTeam "Deutschland"]
[BlackTeam "England"]
[WhiteTeamCountry "GER"]
[BlackTeamCountry "ENG"]

1. d4 Nf6 2. c4 c5 3. d5 b5 4. cxb5 a6 5. bxa6 Bxa6 6. Nc3 d6 7. e4 Bxf1 8.
Kxf1 g6 9. Nf3 Bg7 10. g3 Nbd7 11. Kg2 O-O 12. Qe2 Qb6 13. a4 Rfc8 14. Nd2 Ne8
15. Ra3 Nc7 16. Nc4 Qa6 17. Re1 Nb6 18. Nxb6 Qxb6 19. Rd1 Rcb8 20. Rd2 Qb4 21.
Na2 Qb6 22. Qd3 Qa5 23. Rc2 Qb6 24. Rd2 Qa5 25. b3 Rb7 26. Rc2 Rab8 27. Bd2 Qa7
28. Bc1 Qa5 29. Re2 Qa7 30. h4 h5 1/2-1/2

[Event "EU YCH Team U12 boys"]
[Site "Thessaloniki"]
[Date "2022.07.15"]
[Round "4.2"]
[White "Pert, Max"]
[Black "Malinowsky, Levi"]
[Result "0-1"]
[WhiteElo "1693"]
[BlackElo "1814"]
[PlyCount "72"]
[EventDate "2022.07.12"]
[EventType "swiss"]
[EventRounds "7"]
[EventCountry "GRE"]
[SourceTitle "Youth Database"]
[Source "CBase R.Goldau"]
[SourceDate "2000.03.01"]
[SourceVersion "1"]
[SourceVersionDate "2022.07.18"]
[SourceQuality "1"]
[WhiteTeam "England"]
[BlackTeam "Deutschland"]
[WhiteTeamCountry "ENG"]
[BlackTeamCountry "GER"]

1. e4 c5 2. Nc3 g6 3. Nf3 Bg7 4. d4 cxd4 5. Nxd4 Nc6 6. Be3 Nf6 7. f3 d6 8. Qd2
O-O 9. O-O-O Qa5 10. Nb3 Qc7 11. Bh6 Be6 12. Nd5 Bxd5 13. exd5 Ne5 14. h4 Rfc8
15. Bxg7 Kxg7 16. Kb1 h5 17. Rc1 a5 18. Qd4 a4 19. Nd2 Ra5 20. c4 Rxd5 21. Qc3
Rc5 22. f4 Nxc4 23. Bxc4 d5 24. f5 dxc4 25. fxg6 fxg6 26. Ne4 Rc6 27. Rce1 Kg8
28. Ng5 Qd7 29. Rd1 Rd6 30. Rde1 Rd3 31. Qb4 c3 32. bxc3 Nd5 33. Qa5 Nxc3+ 34.
Ka1 Qd4 35. Ne6 Nd1+ 36. Nxd4 Rc1# 0-1

[Event "EU YCH Team U12 boys"]
[Site "Thessaloniki"]
[Date "2022.07.15"]
[Round "4.3"]
[White "Buchinger, Alexis"]
[Black "Patel, Zain"]
[Result "0-1"]
[WhiteElo "1764"]
[BlackElo "1632"]
[PlyCount "92"]
[EventDate "2022.07.12"]
[EventType "swiss"]
[EventRounds "7"]
[EventCountry "GRE"]
[SourceTitle "Youth Database"]
[Source "CBase R.Goldau"]
[SourceDate "2000.03.01"]
[SourceVersion "1"]
[SourceVersionDate "2022.07.18"]
[SourceQuality "1"]
[WhiteTeam "Deutschland"]
[BlackTeam "England"]
[WhiteTeamCountry "GER"]
[BlackTeamCountry "ENG"]

1. e4 c6 2. d4 d5 3. exd5 cxd5 4. Bd3 Nc6 5. c3 Nf6 6. h3 e5 7. dxe5 Nxe5 8.
Nf3 Nxd3+ 9. Qxd3 Bd6 10. O-O O-O 11. Bg5 h6 12. Bxf6 Qxf6 13. Qd4 Qg6 14. Kh1
Bd7 15. Ne5 Bxe5 16. Qxe5 Rfe8 17. Qd4 Re4 18. Qd3 Re1 19. Na3 Rxa1 20. Qe2
Rxf1+ 21. Qxf1 Re8 22. Kh2 Qe4 23. Qc1 Qe2 24. Qf4 Qe5 25. Qxe5 Rxe5 26. Nc2
Re2 27. Nd4 Rxb2 28. g4 Rxf2+ 29. Kg3 Rxa2 30. Kf4 Ra3 31. g5 hxg5+ 32. Ke5
Rxc3 33. Kd6 Bxh3 34. Nb5 d4 35. Nxd4 Rd3 36. Kc7 Rxd4 37. Kb8 g4 38. Ka8 g3
39. Kb8 g2 40. Ka8 g1=Q 41. Kb8 b5 42. Ka8 a5 43. Kb7 Rd6 44. Ka8 Rd7 45. Kb8
Qa7+ 46. Kc8 Qb7# 0-1

[Event "EU YCH Team U12 boys"]
[Site "Thessaloniki"]
[Date "2022.07.15"]
[Round "4.4"]
[White "Soulier, Alfred"]
[Black "Gloeckler, Christian"]
[Result "0-1"]
[WhiteElo "1425"]
[BlackElo "1827"]
[PlyCount "134"]
[EventDate "2022.07.12"]
[EventType "swiss"]
[EventRounds "7"]
[EventCountry "GRE"]
[SourceTitle "Youth Database"]
[Source "CBase R.Goldau"]
[SourceDate "2000.03.01"]
[SourceVersion "1"]
[SourceVersionDate "2022.07.18"]
[SourceQuality "1"]
[WhiteTeam "England"]
[BlackTeam "Deutschland"]
[WhiteTeamCountry "ENG"]
[BlackTeamCountry "GER"]

1. d4 Nf6 2. Nc3 d5 3. Bf4 a6 4. e3 e6 5. g4 c5 6. g5 Nfd7 7. Qg4 Nc6 8. O-O-O
b5 9. Nf3 Qa5 10. Kb1 b4 11. Ne2 c4 12. Nd2 Nb6 13. Bc7 Be7 14. h4 Ra7 15. Bxb6
Qxb6 16. h5 a5 17. Bg2 c3 18. Nf3 a4 19. g6 f5 20. Qg3 h6 21. Nc1 cxb2 22. Kxb2
O-O 23. Ne5 Nxe5 24. dxe5 Ba6 25. Qf4 Rc8 26. Qd4 Qc6 27. Qd2 Rac7 28. Bf1 Bb7
29. Bd3 d4 30. Rhg1 dxe3 31. fxe3 Qc5 32. Ne2 Qxe5+ 33. Nd4 f4 34. Rge1 Bf6 35.
Kb1 fxe3 36. Qxe3 Qxe3 37. Rxe3 Bxd4 38. Rxe6 Bc3 39. Rd6 Rf8 40. Bb5 Bf3 41.
Rf1 Bxh5 42. Rxf8+ Kxf8 43. Bxa4 Ke7 44. Rb6 Rc5 45. Rb5 Rxb5 46. Bxb5 Bxg6 47.
Kc1 h5 48. Kd1 h4 49. Ke2 Bxc2 50. Kf3 Kf6 51. Kg4 g5 52. Kh3 Bf5+ 53. Kg2 Be6
54. Ba4 Bxa2 55. Kh3 b3 56. Kg2 b2 57. Bc2 b1=Q 58. Bxb1 Bxb1 59. Kh3 Bf5+ 60.
Kg2 h3+ 61. Kh2 Be5+ 62. Kh1 Be4+ 63. Kg1 h2+ 64. Kf2 h1=Q 65. Ke2 Qf3+ 66. Kd2
Bc3+ 67. Kc1 Qf1# 0-1

[Event "EU YCH Team U12 boys"]
[Site "Thessaloniki"]
[Date "2022.07.15"]
[Round "4.1"]
[White "Tadic, Jure"]
[Black "Marinidis, Stavros"]
[Result "0-1"]
[WhiteElo "1571"]
[BlackElo "1375"]
[PlyCount "80"]
[EventDate "2022.07.12"]
[EventType "swiss"]
[EventRounds "7"]
[EventCountry "GRE"]
[SourceTitle "Youth Database"]
[Source "CBase R.Goldau"]
[SourceDate "2000.03.01"]
[SourceVersion "1"]
[SourceVersionDate "2022.07.18"]
[SourceQuality "1"]
[WhiteTeam "Kroatien"]
[BlackTeam "Griechenland"]
[WhiteTeamCountry "CRO"]
[BlackTeamCountry "GRE"]

1. e4 e5 2. Nf3 Nc6 3. Bc4 Nf6 4. d3 Bc5 5. c3 d6 6. O-O a5 7. a4 O-O 8. Nbd2
Ba7 9. h3 h6 10. Re1 Re8 11. Nf1 d5 12. exd5 Nxd5 13. Qb3 Be6 14. Nxe5 Nxe5 15.
Rxe5 Bxf2+ 16. Kh1 Qf6 17. d4 Nb6 18. Bxe6 Rxe6 19. Rxe6 fxe6 20. Ne3 Bg3 21.
Bd2 Rf8 22. Rg1 Kh8 23. Ng4 Qf5 24. c4 Bh4 25. c5 Nd5 26. Qxb7 h5 27. Ne5 Bg3
28. Nf3 Qe4 29. Qb3 h4 30. Bxa5 Nf4 31. Bxc7 Nxh3 32. Bxg3 hxg3 33. Rf1 Qe2 34.
Qb5 Nf2+ 35. Kg1 Qe3 36. Qc6 Nh3+ 37. Kh1 Nf2+ 38. Kg1 Ne4+ 39. Kh1 g6 40. Nd2
Qh6+ 0-1